Detalles MARC
| 000 -CABECERA |
| campo de control de longitud fija |
01278nam a2200253 a 4500 |
| 001 - NÚMERO DE CONTROL |
| campo de control |
000005024 |
| 005 - FECHA Y HORA DE LA ÚLTIMA TRANSACCIÓN |
| campo de control |
20260420105426.0 |
| 008 - DATOS DE LONGITUD FIJA--INFORMACIÓN GENERAL |
| campo de control de longitud fija |
090729s2004 dr 001 0 spa d |
| 020 ## - NÚMERO INTERNACIONAL ESTÁNDAR DEL LIBRO |
| Número Internacional Estándar del Libro |
9789993404286 |
| 040 ## - FUENTE DE LA CATALOGACIÓN |
| Centro catalogador/agencia de origen |
DO-SdBNP |
| Lengua de catalogación |
spa |
| Centro/agencia transcriptor |
BNPHU |
| 082 ## - NÚMERO DE LA CLASIFICACIÓN DECIMAL DEWEY |
| Número de clasificación |
345.0234 |
| Número de documento/Ítem |
D812c, 2004 |
| 100 1# - ENTRADA PRINCIPAL--NOMBRE DE PERSONA |
| Nombre de persona |
Duarte Canaán, Pedro J., |
| Fechas asociadas al nombre |
1963- |
| 9 (RLIN) |
6300 |
| 245 13 - MENCIÓN DE TÍTULO |
| Título |
La contumacia / |
| Mención de responsabilidad, etc. |
Pedro J. Duarte Canaán ; prólogo Ramón Horacio González Pérez. |
| 260 ## - PUBLICACIÓN, DISTRIBUCIÓN, ETC. |
| Lugar de publicación, distribución, etc. |
Santo Domingo : |
| Nombre del editor, distribuidor, etc. |
Ediciones Jurídicas Trajano Potentini, |
| Fecha de publicación, distribución, etc. |
2004. |
| 300 ## - DESCRIPCIÓN FÍSICA |
| Extensión |
84 p. ; |
| Dimensiones |
21 cm. |
| 504 ## - NOTA DE BIBLIOGRAFÍA, ETC. |
| Nota de bibliografía, etc. |
Bibliografía: p.83-84. |
| 505 0# - NOTA DE CONTENIDO CON FORMATO |
| Información miscelánea |
Introducción -- |
| -- |
Prólogo / |
| Mención de responsabilidad |
Ramón Horacio González Pérez -- |
| Título |
La contumacia -- |
| -- |
El procedimiento de la contumacia -- |
| -- |
El juicio en contumacia -- |
| -- |
La contumacia y el recurso de oposición -- |
| -- |
La cancelación de la fianza como antesala al juicio en contumacia -- |
| -- |
Parangón de la contumacia dominicana con la francesa y la argentina -- |
| -- |
Jurisprudencia -- |
| Información miscelánea |
Bibliografía. |
| 590 ## - NOTA LOCAL (RLIN) |
| Nota local |
Inventariado,2018/DG |
| 650 #0 - PUNTO DE ACCESO ADICIONAL DE MATERIA--TÉRMINO DE MATERIA |
| Término de materia o nombre geográfico como elemento de entrada |
Rebeldía procesal (Derecho romano) |
| 9 (RLIN) |
14473 |
| 650 #4 - PUNTO DE ACCESO ADICIONAL DE MATERIA--TÉRMINO DE MATERIA |
| Término de materia o nombre geográfico como elemento de entrada |
Procedimiento penal |
| Subdivisión geográfica |
República Dominicana |
| 9 (RLIN) |
14474 |
| 650 #4 - PUNTO DE ACCESO ADICIONAL DE MATERIA--TÉRMINO DE MATERIA |
| Término de materia o nombre geográfico como elemento de entrada |
Rebeldía (derecho) |
| 9 (RLIN) |
14475 |
| 700 1# - PUNTO DE ACCESO ADICIONAL--NOMBRE DE PERSONA |
| Nombre de persona |
González Pérez, Ramón Horacio, |
| Término indicativo de función/relación |
pról. |
| 9 (RLIN) |
14476 |
| 910 ## - DATOS DE OPCIÓN DEL USUARIO (OCLC) |
| Datos de opción del usuario |
Validado. Control de calidad EMS |